[Event "It"]
[Site "Sisak CRO"]
[Date "2000.05.19"]
[Round "5"]
[White "Kos,T"]
[Black "Jankovic,A"]
[Result "0-1"]
[WhiteElo "2300"]
[BlackElo "2320"]

1.e4 c5 2.c3 Nf6 3.e5 Nd5 4.d4 cxd4 5.Qxd4 e6 6.Nf3 Nc6 7.Qe4 b6 8.Bd3 Qc7
9.O-O Bb7 10.Re1 Nde7 11.Qe2 Ng6 12.g3 f5 13.exf6 gxf6 14.Nbd2 Be7 15.Nb3 Nce5
16.Nxe5 Qxe5 17.Bxg6+ hxg6 18.Qxe5 fxe5 19.Rxe5 Rh3 20.Nd2 Kf7 21.Nf1 Rah8
22.Re1 Ba6 23.Be3 Bc5 24.a4 Bxe3 25.Rxe3 Bxf1 26.Kxf1 Rxh2 27.Ree1 R8h5 28.Rad1 Rf5
29.Kg1 Rfxf2 30.Rf1 Rg2+ 31.Kh1 Ke7 32.Rxf2 Rxf2 33.Rb1 Rc2 34.g4 e5 35.Kg1 Ke6
36.Kf1 e4 37.a5 Ke5 38.a6 Kf4 39.Rd1 Kf3 40.Ke1 e3  0-1

[Event "III Magistral de VRSA"]
[Site "Santo Antonio POR"]
[Date "2000.05.21"]
[Round "2"]
[White "Frois,A"]
[Black "Yakovich,Y"]
[Result "0-1"]
[WhiteElo "2350"]
[BlackElo "2580"]

1.e4 c5 2.c3 Nf6 3.e5 Nd5 4.d4 cxd4 5.Qxd4 e6 6.Nf3 Nc6 7.Qe4 f5 8.exf6 Nxf6
9.Qh4 d5 10.Bd3 Bd6 11.Bg6+ Ke7 12.Bc2 h6 13.Bg6 Bd7 14.O-O Be8 15.Bxe8 Qxe8
16.Nd4 Kf7 17.Be3 Ne5 18.f3 Nc4 19.Bc1 e5 20.Nb3 Qb5 21.Re1 Bc7 22.Kh1 a5
23.N3d2 Nxb2 24.Na3 Qa4 25.c4 Nd3 26.Re3 Qd1+  0-1

[Event "Open"]
[Site "Pula CRO"]
[Date "2000.05.24"]
[Round "9"]
[White "Filipovic,Br"]
[Black "Cvitan,O"]
[Result "1/2-1/2"]
[WhiteElo "2435"]
[BlackElo "2489"]

1.e4 c5 2.c3 Nf6 3.e5 Nd5 4.Nf3 e6 5.Bc4 d6 6.O-O Nc6 7.d4 cxd4 8.cxd4 Be7
9.Qe2 O-O 10.Qe4 Qc7 11.Nbd2 Rd8 12.a3 b6 13.Re1 dxe5 14.dxe5 Bb7 15.Bd3 g6
16.Nb3 Rac8 17.Bf1 Bf8 18.Bg5 Rd7 19.Rac1 h6 20.Bd2 Qd8 21.Qg4 Nde7 22.Bc3 Bg7
23.h4 Nf5 24.Nbd2 Ncd4 25.Nxd4 Nxd4 26.h5 g5 27.Ne4 Bxe5 28.Nxg5 Bg7 29.Nh3  1/2-1/2

[Event "Guillermo Garcia Premier I"]
[Site "Santa Clara CUB"]
[Date "2000.05.26"]
[Round "3"]
[White "Perez,Lu"]
[Black "Roeder,M"]
[Result "1/2-1/2"]
[WhiteElo "2459"]
[BlackElo "2413"]

1.e4 c5 2.c3 Nf6 3.e5 Nd5 4.d4 cxd4 5.Nf3 Nc6 6.Bc4 Nb6 7.Bb3 g6 8.Ng5 d5
9.exd6 e6 10.Qf3 Ne5 11.Qe4 Bg7 12.cxd4 Nec4 13.d5 Nxd6 14.Qe2 Nxd5 15.O-O O-O
16.Rd1 Nf5 17.Qe4 Qb6 18.Na3 Nd4 19.Nc4 Qc5 20.Qh4 h6 21.Ne4 Qe7 22.Qxe7  1/2-1/2

[Event "ch-Europe Women"]
[Site "Batumi GEO"]
[Date "2000.05.27"]
[Round "1.1"]
[White "Zhukova,N"]
[Black "Grosar,K"]
[Result "1/2-1/2"]
[WhiteElo "2471"]
[BlackElo "2211"]

1.e4 c5 2.c3 Nf6 3.e5 Nd5 4.Nf3 e6 5.Bc4 d6 6.exd6 Qxd6 7.O-O Nb6 8.Bb3 Be7
9.d4 N8d7 10.Qe2 O-O 11.Rd1 Bf6 12.Nbd2 Qc7 13.Ne4 Be7 14.Nfg5 c4 15.Bc2 h6
16.Nf3 Nd5 17.a4 b6 18.Ned2 Ba6 19.Ne5 Rac8 20.Nxd7 Qxd7 21.Nf3 Bd6 22.Ne5 Qe7
23.Bb1 Rfd8 24.Qc2 f5 25.Re1 Bb7 26.Qe2 Bxe5 27.Qxe5 Kf7 28.Qe2 Qf6 29.Bd2 a6
30.Bc2 Re8 31.Qh5+ Qg6 32.Qxg6+ Kxg6 33.Re5 Kf6 34.Rae1 Bc6 35.f3 b5 36.a5 g5
37.h4 Re7 38.Kf2 Rg8 39.hxg5+ hxg5 40.Rh1 Reg7 41.g4 Ne7 42.gxf5 exf5 43.Rc5 Bd5
44.Rc7 g4 45.Rh6+ Rg6 46.Bd1 Rxh6 47.Bxh6 Rh8 48.Bg7+ Kxg7 49.Rxe7+ Kf6 50.Re5 Bxf3
51.Bxf3 gxf3 52.Kxf3 Rh3+ 53.Kf4 Rh4+ 54.Kg3 Rh1 55.Rc5 Rb1 56.Rc6+ Kg5 57.Rxa6 Rxb2
58.Ra8 Rb3 59.Rg8+ Kf6 60.Kf4 Rxc3 61.Rb8 Rd3 62.Rb6+ Ke7 63.Kxf5 Rxd4 64.Ke5 Rd7
65.Rxb5 c3 66.Rc5 Ra7  1/2-1/2

[Event "zt3.2a"]
[Site "Vung Tau VIE"]
[Date "2000.05.28"]
[Round "8"]
[White "Antonio,R"]
[Black "Liu Dede"]
[Result "1-0"]
[WhiteElo "2551"]
[BlackElo "2370"]

1.e4 c5 2.c3 Nf6 3.e5 Nd5 4.d4 cxd4 5.cxd4 Nc6 6.Bc4 Nb6 7.Bb3 d5 8.Ne2 Bf5
9.O-O e6 10.a3 Rc8 11.Nbc3 Be7 12.Kh1 a6 13.Ba2 Nc4 14.Ng3 Bg6 15.f4 Bh4
16.Bxc4 dxc4 17.Nce4 Be7 18.Be3 Qd7 19.Qe2 Bxe4 20.Nxe4 O-O 21.Rad1 b5 22.Qg4 Rfd8
23.Rf3 Qe8 24.Rh3 g6 25.Bf2 Nb8 26.Bh4 Nd7 27.Bg5 Bxg5 28.fxg5 Qf8 29.Rf1 Rc7
30.Rhf3 Nb6 31.Nf6+ Kg7 32.Qh4 h5 33.Nxh5+ gxh5 34.g6 Nd5 35.gxf7 Kh7 36.Qe4+ Kh8
37.h4  1-0

[Event "Master Open"]
[Site "Lausanne SUI"]
[Date "2000.05.31"]
[Round "1"]
[White "Hindermann,F"]
[Black "Gofshtein,L"]
[Result "0-1"]
[WhiteElo "2224"]
[BlackElo "2580"]

1.e4 c5 2.c3 Nf6 3.e5 Nd5 4.d4 cxd4 5.Qxd4 e6 6.Nf3 Nc6 7.Qe4 b6 8.g3 Qc7
9.Bg2 Ba6 10.c4 Na5 11.b3 b5 12.Nc3 Bb4 13.Bd2 Bxc3 14.Bxc3 bxc4 15.O-O Rc8
16.Bxa5 Qxa5 17.Rac1 Nc3 18.Qe1 cxb3 19.axb3 Ne2+  0-1

[Event "Master Open"]
[Site "Lausanne SUI"]
[Date "2000.06.01"]
[Round "2"]
[White "Etchegaray,P"]
[Black "Gallagher,Jo"]
[Result "0-1"]
[WhiteElo "2360"]
[BlackElo "2558"]

1.e4 c5 2.c3 Nf6 3.e5 Nd5 4.d4 cxd4 5.Nf3 e6 6.cxd4 d6 7.a3 Nc6 8.Bd3 g6
9.O-O Bg7 10.Re1 O-O 11.Nc3 Nxc3 12.bxc3 dxe5 13.dxe5 Qa5 14.Qe2 Qxc3 15.Bd2 Qc5
16.Rec1 Qe7 17.Bb5 Rd8 18.Bxc6 bxc6 19.Rxc6 Bb7 20.Bg5 Qe8 21.Rc7 Rd7 22.Rac1 Rb8
23.Qe3 Rxc7 24.Rxc7 Qa4 25.h3 Qd1+ 26.Kh2 Bxf3 27.Qf4 Rf8 28.gxf3 Qe1 29.Kg2 Bxe5
30.Qc1 Qxc1 31.Rxc1 Kg7 32.Be3 a6 33.Rc5 Bd6 34.Bd4+ Kg8 35.Rc6 Bxa3 36.Rxa6 Be7
37.Ra7 Re8 38.Rc7 Bg5 39.Be5 Rd8 40.Rb7 f6 41.Bc3 e5 42.Bb4 h5 43.Bc5 Rd2
44.Ba7 Rc2 45.Rb3 Kf7 46.Be3 Bxe3 47.Rxe3 Rc4 48.Ra3 Ke6 49.Ra6+ Kf5 50.Rb6 Rc3
51.Ra6 Kg5 52.Rb6 Rc4 53.Ra6 Rf4 54.Rb6 Kf5 55.Ra6 Rd4 56.Rb6 Ra4 57.Rc6 Rh4
58.Rb6 Rc4 59.Ra6 g5 60.Rb6 Ra4 61.Rc6 Rb4 62.Ra6 Rc4 63.Rb6 Rd4 64.Ra6 Rf4
65.Rb6 g4 66.hxg4+ hxg4 67.fxg4+ Rxg4+ 68.Kf3 Ra4 69.Rb3 Kg5 70.Rc3 f5 71.Rb3 Rh4
72.Rb5 e4+ 73.Kg2 Rg4+ 74.Kf1 Kf4 75.Rb3 Rg8 76.Rh3 Ra8 77.Rh4+ Kg5 78.Rh7 Ra2
79.Re7 Kf4 80.Kg2 Ra8 81.Rb7 Rg8+ 82.Kf1 Kg4 83.Rb4 Rc8 84.Kg2 Rc2 85.Ra4 Kg5
86.Kf1 Rb2 87.Rc4 Rd2 88.Rb4 Kf4 89.Kg2 Ke5 90.Rb8 f4 91.Kf1 Kf5 92.Re8 Ra2
93.Kg1 f3 94.Rf8+ Ke5 95.Re8+ Kd4 96.Rd8+ Kc3 97.Rd7 Rd2 98.Re7 Kd3 99.Re8 Ra2
100.Re7 Ra5 101.Re8 Kd4 102.Rd8+ Rd5 103.Re8 Kd3 104.Re7 Rc5 105.Re8 Rc1+
106.Kh2 Ke2 107.Kg3 Rg1+ 108.Kf4 Kxf2 109.Rxe4 Rg8  0-1

[Event "Master Open"]
[Site "Lausanne SUI"]
[Date "2000.06.01"]
[Round "3"]
[White "Skytte,R"]
[Black "Landenbergue,C"]
[Result "1/2-1/2"]
[WhiteElo "2346"]
[BlackElo "2406"]

1.e4 c5 2.c3 Nf6 3.e5 Nd5 4.d4 cxd4 5.Nf3 d6 6.Qxd4 e6 7.exd6 Qxd6 8.Na3 Nc6
9.Qe4 a6 10.Nc4 Qc7 11.a4 Be7 12.g3 O-O 13.Bg2 Bd7 14.O-O b5 15.Nce5 Nxe5
16.Nxe5 Rad8 17.axb5 axb5 18.Nxd7 Rxd7 19.Qe2 Qb6 20.Rd1 Rfd8 21.Bxd5 Rxd5
22.Be3 Rxd1+ 23.Rxd1 Rxd1+ 24.Qxd1 Qc6  1/2-1/2

[Event "Bank Pocztowy Open"]
[Site "Bydgoszcz POL"]
[Date "2000.06.02"]
[Round "5"]
[White "Rozentalis,E"]
[Black "Vaulin,A"]
[Result "1-0"]
[WhiteElo "2553"]
[BlackElo "2540"]

1.e4 c5 2.c3 Nf6 3.e5 Nd5 4.Nf3 e6 5.Bc4 d6 6.O-O dxe5 7.Nxe5 Bd6 8.d4 O-O
9.Nd2 cxd4 10.cxd4 Nc6 11.Ndf3 Nce7 12.Qe2 Bd7 13.Ng5 Bc6 14.Qh5 Nf6 15.Qh3 Ned5
16.Bd3 g6 17.Qh6 Qc7 18.Re1 Rac8 19.Bd2 Qb6 20.Bc3 Bxe5 21.Rxe5 Nxc3 22.bxc3 Qb2
23.Rf1 Qd2 24.Re3 Rfe8 25.h4 Rc7 26.h5 Bd5 27.c4 Bxc4 28.Bxc4 Rxc4 29.hxg6 fxg6
30.Nxh7 Nxh7 31.Qxg6+ Kf8 32.Qh6+  1-0

[Event "Open A"]
[Site "Lido Estensi ITA"]
[Date "2000.06.03"]
[Round "8"]
[White "Aglietti,G"]
[Black "Marchini,M"]
[Result "0-1"]
[WhiteElo "2051"]
[BlackElo "2187"]

1.e4 c5 2.c3 Nf6 3.e5 Nd5 4.d4 cxd4 5.Nf3 Nc6 6.cxd4 d6 7.Nc3 Nxc3 8.bxc3 dxe5
9.d5 e4 10.Ng5 Nb8 11.Nxe4 a6 12.Bc4 Nd7 13.O-O Ne5 14.Bb3 g6 15.Bf4 Bg7
16.d6 e6 17.Qe2 O-O 18.Rad1 b6 19.Bg5 f6 20.Bf4 Bd7 21.Rfe1 Kh8 22.Bxe5 fxe5
23.Qg4 Rf5 24.Qh3 Rc8 25.Rd3 Qf8 26.g4 Rf4 27.Ng5 Qg8 28.Qh4 Bf6 29.Rh3 h5
30.Qg3 Bxg5 31.gxh5 Bh6 32.hxg6 Kg7 33.Rxe5 Rf6 34.Bc2 Rc5 35.Reh5 Rxh5 36.Rxh5 e5
37.Qh4 Qh8 38.Bf5 Bxf5 39.Rxf5 Rxf5 40.Qe7+ Kxg6 41.d7 Rf8 42.h4 Qf6 43.h5+ Kg5
44.f4+ exf4 45.Qe4 Kxh5 46.Qf3+ Kg6 47.Qd3+ Kg7  0-1

[Event "Olympic Capital Young Masters g/25"]
[Site "Lausanne SUI"]
[Date "2000.06.04"]
[Round "3.3"]
[White "Jenni,F"]
[Black "Fressinet,L"]
[Result "1/2-1/2"]
[WhiteElo "2446"]
[BlackElo "2501"]

1.e4 c5 2.c3 Nf6 3.e5 Nd5 4.d4 cxd4 5.Nf3 Nc6 6.Bc4 Nb6 7.Bb3 g6 8.cxd4 Bg7
9.d5 Nxe5 10.Nxe5 Bxe5 11.Bh6 e6 12.Nc3 Qh4 13.Qd2 f6 14.dxe6 dxe6 15.O-O-O Bd7
16.Be3 O-O-O 17.f4 Bc7 18.g3 Qh5 19.Qf2 Kb8 20.Bd4 e5 21.fxe5 fxe5 22.Bc5 Bc6
23.Rhe1 Qf3 24.Qxf3 Bxf3 25.Rxd8+ Rxd8 26.Nb5 e4 27.Nxc7 Kxc7 28.Be3 Nd5
29.Bg5 Rd6 30.Kb1 Kd7 31.a3 Ne7 32.Bf4 Rf6 33.Rc1 Nc6 34.Bd5 Rf5 35.Bg8 g5
36.Be3 h6 37.Rc2 Ke7 38.Bb3 Bd1 39.Rxc6 Bxb3 40.Rc3 Rf1+ 41.Rc1 Rf3 42.Bxa7 Ke6
43.Rc3 Kf5 44.Rxf3+ exf3 45.Kc1 Kg4 46.Kd2 Kh3 47.Ke1 Kg2 48.Be3 b5 49.Bd4 h5
50.Bc5 h4 51.gxh4 g4 52.h5 Kxh2 53.Kf2 g3+ 54.Kxf3 Bd1+ 55.Ke3 Bxh5 56.Kd2 g2
57.Kc3  1/2-1/2

[Event "zt 1.8"]
[Site "Minsk BLR"]
[Date "2000.06.07"]
[Round "12"]
[White "Deseatnicov,I"]
[Black "Kupreichik,V"]
[Result "0-1"]
[WhiteElo "2266"]
[BlackElo "2480"]

1.e4 c5 2.c3 Nf6 3.e5 Nd5 4.Nf3 d6 5.exd6 e6 6.g3 Bxd6 7.Bg2 O-O 8.O-O Nd7
9.d4 cxd4 10.Nxd4 Bc5 11.Nb3 Bb6 12.Qe2 a5 13.Rd1 a4 14.Nd4 Qf6 15.Na3 Ne5
16.Nac2 Rd8 17.c4 Nb4 18.Nxb4 Bxd4 19.Nc2 Qxf2+  0-1

[Event "zt 1.5"]
[Site "Yerevan ARM"]
[Date "2000.06.07"]
[Round "1"]
[White "Seitaj,I"]
[Black "Ilincic,Z"]
[Result "0-1"]
[WhiteElo "2392"]
[BlackElo "2554"]

1.e4 c5 2.c3 Nf6 3.e5 Nd5 4.d4 cxd4 5.Nf3 Nc6 6.cxd4 d6 7.Bc4 Nb6 8.Bb5 dxe5
9.Nxe5 Bd7 10.Nc3 e6 11.Nf3 a6 12.Bd3 Nb4 13.O-O Nxd3 14.Qxd3 Be7 15.Re1 O-O
16.Ne5 Rc8 17.Qg3 Bh4 18.Qg4 f5 19.Qe2 Re8 20.Bf4 Bf6 21.Rad1 Na4 22.Nxa4 Bxa4
23.b3 Bb5 24.Qf3 Qd5 25.Qxd5 exd5 26.a4 Bc6 27.Kf1 Re6 28.Rc1 g5 29.Bd2 f4
30.f3 Kg7 31.Bb4 h5 32.Bc5 Bxe5 33.dxe5 Kg6 34.Bd4 Kf5 35.Kf2 Rg8 36.h3 g4
37.hxg4+ hxg4 38.Rh1 Reg6 39.Rcg1 Be8 40.Rh5+ Ke6 41.Rhh1 Bf7 42.fxg4 Rxg4
43.Rh6+ Bg6 44.Rc1 Kf5 45.Rh3 Ke4 46.Rd1 Rxg2+ 47.Kxg2 Bh5+ 48.Kf2 Bxd1 49.Bb2 Rg7
50.Rh1 Bxb3 51.Re1+ Kd3 52.e6 Rh7 53.e7 Bxa4 54.Kf3 Be8 55.Bf6 Rf7 56.Re6 d4
57.Kxf4 Kc2 58.Rd6 d3 59.Ke3 Bb5 60.Rd5 Rxf6 61.Rc5+ Kd1  0-1

[Event "zt 1.5"]
[Site "Yerevan ARM"]
[Date "2000.06.10"]
[Round "4"]
[White "Seitaj,I"]
[Black "Anastasian,A"]
[Result "0-1"]
[WhiteElo "2392"]
[BlackElo "2606"]

1.e4 c5 2.c3 Nf6 3.e5 Nd5 4.d4 cxd4 5.Nf3 Nc6 6.cxd4 d6 7.Bc4 Nb6 8.Bb5 dxe5
9.Nxe5 Bd7 10.Nc3 e6 11.Nf3 Be7 12.O-O a6 13.Be2 Nb4 14.Ne5 Bc6 15.a3 N4d5
16.Nxc6 bxc6 17.Ne4 O-O 18.Qc2 Qc7 19.Nc5 a5 20.Bf3 Nd7 21.Nd3 Rfc8 22.Be3 Qb6
23.Rac1 Bf6 24.Qc4 Qd8 25.Qa4 N7b6 26.Qd1 Rab8 27.Rc2 Na4 28.Rd2 Nab6 29.Nc5 Nc4
30.Qe2 Nxd2 31.Qxd2 Rb5 32.Qc2 Nxe3 33.fxe3 Bxd4  0-1

[Event "zt 1.9"]
[Site "Ordzhonikidze UKR"]
[Date "2000.06.11"]
[Round "3"]
[White "Vysochin,S"]
[Black "Zubarev,A1"]
[Result "0-1"]
[WhiteElo "2494"]
[BlackElo "2476"]

1.e4 c5 2.c3 Nf6 3.e5 Nd5 4.Nf3 e6 5.Bc4 d6 6.d4 cxd4 7.cxd4 Nc6 8.Qe2 dxe5
9.dxe5 Bb4+ 10.Bd2 O-O 11.Nc3 Qa5 12.Rc1 Nxc3 13.bxc3 Be7 14.O-O b6 15.Bd3 Bb7
16.Bf4 Qa4 17.g3 Rfd8 18.Rfd1 h6 19.h4 Bf8 20.h5 Rac8 21.Bc2 Ba6 22.c4 Rxd1+
23.Qxd1 Qa3 24.Bb1 Ne7 25.Nd4 Rd8 26.Qc2 g6 27.Nb5 Qf3 28.Qe4 Qxh5 29.Nd6 Nf5
30.Kg2 Nxd6 31.exd6 Rd7 32.f3 Bb7 33.Qd3 Bxd6 34.Bxd6 Rxd6 35.Qxd6 Qxf3+
36.Kh3 Qh5+  0-1

[Event "zt 1.7"]
[Site "Mezezers LAT"]
[Date "2000.06.14"]
[Round "9"]
[White "Slapikas,V"]
[Black "Kveinys,A"]
[Result "0-1"]
[WhiteElo "2423"]
[BlackElo "2496"]

1.e4 c5 2.c3 Nf6 3.e5 Nd5 4.d4 cxd4 5.Qxd4 e6 6.Bc4 Nc6 7.Qe4 f5 8.exf6 Nxf6
9.Qe2 d5 10.Bb5 Bd6 11.Nf3 O-O 12.O-O Qc7 13.Re1 e5 14.h3 e4 15.Nd4 Nxd4
16.cxd4 Qf7 17.Nc3 Qg6 18.Qe3 Be6 19.Rf1 Nh5 20.Qg5 Qf7 21.Be2 Nf4 22.Bg4 Rad8
23.Be3 Bxg4 24.Qxg4 h5 25.Qg5 Bb8 26.f3 Ne6 27.Qh4 exf3 28.Rxf3 Qc7 29.Rxf8+ Rxf8
30.g3 Rf3 31.Nxd5 Rxg3+ 32.Kh1 Qc6 33.Qe4 Rxe3 34.Qg2 Rxh3+ 35.Kg1 Qd6 36.Qxh3 Qxd5
37.Re1 Kf7 38.Rf1+ Nf4 39.Rf2 g6  0-1

[Event "Balatontourist Open"]
[Site "Budapest HUN"]
[Date "2000.06.16"]
[Round "1"]
[White "Gal,Ja"]
[Black "Nagy,Z HUN"]
[Result "1/2-1/2"]
[WhiteElo "2005"]
[BlackElo "2233"]

1.e4 c5 2.c3 Nf6 3.e5 Nd5 4.d4 cxd4 5.cxd4 e6 6.Nf3 b6 7.a3 Be7 8.Bd3 Ba6
9.Be4 Qc7 10.Qc2 Qxc2 11.Bxc2 Nc6 12.Bd2 Rc8 13.Be4 Na5 14.Bxd5 exd5 15.Nc3 Nb3
16.Rd1 Bc4 17.Be3 O-O 18.Nd2 Nxd2 19.Kxd2 Rc6 20.Rc1 Rfc8 21.Ne2 b5 22.h4 Bxe2
23.Kxe2 Rxc1 24.Bxc1 Bxh4 25.Rxh4 Rxc1 26.Kd2 Rc6 27.Rg4 Rg6 28.Rxg6 fxg6
29.b4 Kf7 30.Ke3 g5 31.g4 d6 32.exd6 Kf6 33.f3 Kf7 34.Kf2  1/2-1/2

[Event "zt 1.7"]
[Site "Mezezers LAT"]
[Date "2000.06.16"]
[Round "11"]
[White "Slapikas,V"]
[Black "Cmilyte,V"]
[Result "1-0"]
[WhiteElo "2423"]
[BlackElo "2329"]

1.e4 c5 2.c3 Nf6 3.e5 Nd5 4.d4 cxd4 5.Qxd4 e6 6.Bc4 Nc6 7.Qe4 f5 8.Qe2 Nde7
9.Nf3 Ng6 10.O-O Qc7 11.Re1 Be7 12.Bb3 b6 13.a4 Bb7 14.Na3 a6 15.Nc4 Na5
16.Nxa5 bxa5 17.Nd4 O-O 18.Bc4 Bc5 19.b3 Qb6 20.Ra2 Rad8 21.Qd1 Nh4 22.Bf1 f4
23.Qg4 Ng6 24.Rd2 Qc7 25.Qh5 Bxd4 26.cxd4 Rf5 27.Qh3 Rg5 28.Rd3 Rf8 29.Bd2 Rff5
30.Rc3 Qb6 31.Rc5 Rh5 32.Qc3 Qd8 33.Rc7 Qh4 34.h3 Bc6 35.Rc8+ Nf8 36.Qc5 Rhg5
37.d5 Bxd5 38.Qc3 Rg6 39.Rc1 Qg5 40.f3 Qg3 41.Be1 Qxh3 42.Kf2 Qg3+ 43.Ke2 Qg5
44.Bf2 Rxe5+ 45.Kd2 Bc6 46.Kc2 Rd5 47.Kb1 Qf5+ 48.Ka2 Rg5 49.Bh4 Rc5 50.Qxc5 Qxc5
51.Rxc5 Rxc5 52.Be7 Rf5 53.Bxa6 g6 54.Bd3 Rf7 55.Bd8 Bb7 56.Rb8 Bd5 57.Bxa5 g5
58.Be4 Bxe4 59.fxe4 g4 60.Bb6 f3 61.gxf3 gxf3 62.Bf2 Rg7 63.Rc8 Rg2 64.Rc2 d5
65.exd5 e5 66.a5 e4 67.Kb2 Nd7 68.a6 Kf7 69.a7 Rg8 70.Rc7 Ke7 71.Bc5+  1-0

[Event "11th Open"]
[Site "Ljubljana SLO"]
[Date "2000.06.21"]
[Round "5"]
[White "Filipovic,Br"]
[Black "Breznik,K"]
[Result "1/2-1/2"]
[WhiteElo "2435"]
[BlackElo "2105"]

1.e4 c5 2.c3 Nf6 3.e5 Nd5 4.Nf3 Nc6 5.b4 cxb4 6.c4 Nc7 7.d4 d5 8.Nbd2 Bg4
9.h3 Bh5 10.Bb2 e6 11.c5 Be7 12.Bd3 O-O 13.O-O Bg6 14.Ne1 Bxd3 15.Nxd3 Nb5
16.Nf3 Qa5 17.Nf4 b6 18.cxb6 Qxb6 19.Nh5 Rfc8 20.Qd2 Nc3 21.Rfe1 Ne4 22.Qf4 Qd8
23.Bc1 g6 24.Ng3 Nxg3 25.fxg3 b3 26.axb3 Nb4 27.Rd1 Rc3 28.Rb1 Nd3 29.Qd2 Qc7
30.Ne1  1/2-1/2

[Event "zt 1.4"]
[Site "Budapest HUN"]
[Date "2000.06.22"]
[Round "6"]
[White "Vajda,L"]
[Black "Delchev,A"]
[Result "0-1"]
[WhiteElo "2459"]
[BlackElo "2560"]

1.e4 c5 2.c3 Nf6 3.e5 Nd5 4.d4 cxd4 5.Nf3 Nc6 6.Bc4 Nb6 7.Bb3 d5 8.exd6 Qxd6
9.Na3 dxc3 10.Qxd6 exd6 11.Nb5 Rb8 12.bxc3 Be6 13.Be3 Be7 14.Nfd4 Bc4 15.O-O-O Nxd4
16.Nxd4 d5 17.Bf4 Rc8 18.Rhe1 Kd7 19.Bc2 Ba3+ 20.Kb1 g6 21.Nf3 f6 22.h4 Rc5
23.Nd4 Ra5 24.Bb3 Rc8 25.Re6 Na4 26.Bxa4+ Rxa4 27.Rxf6 Rf8 28.Rxf8 Bxf8 29.Rd2 Ra3
30.Rb2 b6 31.Nb3 Bg7 32.Kc2 Bf6 33.g3 Ke6 34.Be3 Kf5 35.f3 Be2 36.g4+ Ke6
37.g5 Bg7 38.Bd4 Kf7 39.Bxg7 Kxg7 40.Kd2 Bc4 41.Ke3 Kf7 42.f4 Ke6 43.Nd4+ Kd6
44.Nb3 a5 45.Kd4 Ra4 46.Ke3 Bxb3 47.axb3 Re4+ 48.Kf3 Ke6 49.Kg4 Re3 50.Rc2 Re1
51.h5 gxh5+ 52.Kxh5 Kf5 53.Rh2 Kxf4 54.Kh6 Re6+ 55.Kh5 Re3 56.Kh6 Rxc3 57.Rh4+ Kf5
58.Rh5 Kg4 59.Rh1 Rc6+  0-1

[Event "11th Open"]
[Site "Ljubljana SLO"]
[Date "2000.06.22"]
[Round "6"]
[White "Pavasovic,D"]
[Black "Tratar,M"]
[Result "1/2-1/2"]
[WhiteElo "2544"]
[BlackElo "2439"]

1.e4 c5 2.c3 Nf6 3.e5 Nd5 4.Nf3 Nc6 5.Bc4 Nb6 6.Bb3 c4 7.Bc2 Qc7 8.Qe2 g5
9.h3 Bg7 10.O-O Nxe5 11.Nxg5 h6 12.Ne4 Ng6 13.d4 cxd3 14.Bxd3 Be5 15.Na3 a6
16.Re1 d5 17.Ng3 Nf4 18.Bxf4 Bxf4 19.Nh5 Bd6 20.Qf3 Bd7 21.Nf6+ Kf8 22.Bg6 Bf4
23.Nh5 e5 24.Nxf4 exf4 25.Bd3 Bc6 26.Nc2 Na4 27.Rab1 d4 28.Be4 dxc3 29.bxc3 Bxe4
30.Qxe4 Nxc3 31.Qb4+ Kg8 32.Re7 Qd8 33.Qxb7 Qd5 34.Rb3 Qxb7 35.Rbxb7 Rh7
36.a3 Nd5 37.Re5 f6 38.Rxh7 fxe5 39.Rxh6 Kf7 40.Rd6 Nc3 41.Nb4 Nb5 42.Rd5 Ke6
43.Rc5 Nxa3 44.Nd3 Rd8 45.Nxe5 Rd1+ 46.Kh2 Rd5 47.Rxd5 Kxd5 48.Nd3 a5 49.h4 Nc4
50.h5 Ne5 51.Nxf4+ Kc4 52.Kg3 a4 53.Ne2 Kd3 54.Nc1+ Kc2 55.Na2 Kb2 56.f4 Nf7
57.Nb4 Kb3 58.Nd3 Kc3 59.Nc1 Kb2 60.Nd3+ Kc3  1/2-1/2

[Event "11th Open"]
[Site "Ljubljana SLO"]
[Date "2000.06.23"]
[Round "7"]
[White "Filipovic,Br"]
[Black "Bratovic,B"]
[Result "1-0"]
[WhiteElo "2435"]
[BlackElo "2204"]

1.e4 c5 2.c3 Nf6 3.e5 Nd5 4.Nf3 e6 5.Bc4 Nc6 6.d4 cxd4 7.cxd4 d6 8.O-O Be7
9.Qe2 O-O 10.Qe4 f5 11.exf6 Nxf6 12.Bxe6+ Kh8 13.Qe2 Bxe6 14.Qxe6 Qc7 15.Nc3 Rae8
16.Be3 d5 17.Nxd5 Qa5 18.Nxe7 Rxe7 19.Qh3 Nd5 20.a3 Nxe3 21.fxe3  1-0

[Event "11th Open"]
[Site "Ljubljana SLO"]
[Date "2000.06.23"]
[Round "7"]
[White "Praznik,A"]
[Black "Gomboc,M"]
[Result "0-1"]
[WhiteElo "2218"]
[BlackElo "2162"]

1.e4 c5 2.c3 Nf6 3.e5 Nd5 4.d4 cxd4 5.Nf3 e6 6.cxd4 b6 7.Nc3 Nxc3 8.bxc3 Qc7
9.Bd2 Bb7 10.Bd3 d6 11.O-O Nd7 12.Ng5 dxe5 13.Qh5 g6 14.Qh3 Be7 15.Rae1 Qd8
16.Nxe6 fxe6 17.Qxe6 Qc7 18.Bb5 Kd8 19.dxe5 a6 20.Bxd7 Qxd7 21.Qxb6+ Kc8
22.Qe3 Rd8 23.Bc1 Qd5 24.Qh3+ Kb8 25.e6 a5 26.Bf4+ Kc8 27.c4 Qc6 28.f3 h5
29.Bg5 Re8 30.Bf4 a4 31.Kh1 Ra5 32.Rd1 g5 33.Bd2 g4 34.fxg4 hxg4 35.Qxg4 Rh5
36.Bf4 Rh4 37.Qg3 Reh8 38.Rf3 Qxe6 39.Re3 Rxh2+ 40.Qxh2 Rxh2+ 41.Kxh2 Qg4  0-1

[Event "White Nights Men"]
[Site "St Petersburg RUS"]
[Date "2000.06.23"]
[Round "1"]
[White "Alekseev,E"]
[Black "Krush,I"]
[Result "1/2-1/2"]
[WhiteElo "2475"]
[BlackElo "2399"]

1.e4 c5 2.c3 Nf6 3.e5 Nd5 4.d4 cxd4 5.Nf3 Nc6 6.Bc4 Nb6 7.Bb3 d5 8.exd6 Qxd6
9.O-O Be6 10.Na3 dxc3 11.Qe2 Bxb3 12.Nb5 Qb8 13.axb3 e5 14.Nfd4 Nxd4 15.Nxd4 f6
16.bxc3 Kf7 17.Nb5 a6 18.Be3 axb5 19.Bxb6 Rxa1 20.Rxa1 Qe8 21.Ra5 b4 22.c4 Qc6
23.Rb5 Be7 24.Ba5 Ra8 25.h3 Kg8 26.Bxb4 Bxb4 27.Rxb4 Rd8 28.Rb5 Rd4 29.Qa2 Rd8
30.Kh2 Rd7 31.Qa7 h6 32.Qb6 Qe4 33.Qe6+ Kh7 34.Qxd7 Qf4+  1/2-1/2

[Event "11th Open"]
[Site "Ljubljana SLO"]
[Date "2000.06.25"]
[Round "9"]
[White "Filipovic,Br"]
[Black "Jeric,S"]
[Result "1-0"]
[WhiteElo "2435"]
[BlackElo "2333"]

1.e4 c5 2.c3 Nf6 3.e5 Nd5 4.Nf3 e6 5.Bc4 Nc6 6.d4 cxd4 7.cxd4 d6 8.O-O Qc7
9.Qe2 Be7 10.exd6 Qxd6 11.Nc3 Nxc3 12.bxc3 O-O 13.Re1 Bd7 14.Ng5 Rac8 15.Bd3 Bxg5
16.Bxg5 Ne7 17.Qh5 Ng6 18.Bd2 Rfe8 19.Re3 Qd5 20.Rh3 Qxh5 21.Rxh5 f5 22.Rb1 Bc6
23.Rh3 b6 24.Re3 Nf4 25.Bf1 Bd5 26.Ree1 Nh5 27.Ba6 Rc7 28.c4 Be4 29.Rbd1 Rd8
30.Bg5 Rdd7 31.f3 h6 32.Bh4 Bb7 33.Bxb7 Rxb7 34.g4 fxg4 35.fxg4 Nf4 36.Bg3 Rf7
37.Re4 g5 38.Bxf4 Rxf4 39.Rxf4 gxf4 40.Kf2 Rc7 41.Rc1 Rd7 42.c5 bxc5 43.dxc5 Kf7
44.c6 Rc7 45.Kf3 Ke7 46.Kxf4 Kd6 47.Rd1+ Ke7 48.Rd7+ Rxd7 49.cxd7 Kxd7 50.g5 hxg5+
51.Kxg5 Ke7 52.Kg6 a5 53.a4 Kd6 54.h4 e5 55.Kf5 Kd5 56.h5 e4 57.Kf4 Kd4 58.h6 e3
59.h7 e2 60.h8=Q+  1-0

[Event "It Ingres"]
[Site "Montauban FRA"]
[Date "2000.06.28"]
[Round "7"]
[White "Marcelin,C"]
[Black "Murey,J"]
[Result "1/2-1/2"]
[WhiteElo "2439"]
[BlackElo "2487"]

1.e4 c5 2.c3 Nf6 3.e5 Nd5 4.d4 cxd4 5.Nf3 Nc6 6.Bc4 Nb6 7.Bb3 d5 8.exd6 Qxd6
9.O-O Be6 10.Na3 dxc3 11.Qe2 Bxb3 12.Nb5 Qb8 13.axb3 a6 14.Nbd4 Qc8 15.bxc3 e6
16.Nxc6 bxc6 17.Ne5 Be7 18.Qf3 Bf6 19.Ng4 Be7 20.Ne5 Bf6 21.Ng4 Be7  1/2-1/2

[Event "White Nights Open"]
[Site "St Petersburg RUS"]
[Date "2000.06.28"]
[Round "5"]
[White "Abbasov,F"]
[Black "Arbakov,V"]
[Result "0-1"]
[WhiteElo "2298"]
[BlackElo "2471"]

1.e4 c5 2.c3 Nf6 3.e5 Nd5 4.d4 cxd4 5.Nf3 e6 6.cxd4 d6 7.Nc3 Nxc3 8.bxc3 Qc7
9.Bd2 Nd7 10.exd6 Bxd6 11.Bd3 O-O 12.O-O b6 13.Re1 Bb7 14.c4 Rae8 15.Bc3 h6
16.Qe2 Re7 17.Rad1 Rfe8 18.Bb1 Bxf3 19.gxf3 Bxh2+ 20.Kg2 Nf8 21.Qb2 Bf4 22.Bb4 Rd7
23.d5 Qd8 24.Bc2 Qg5+ 25.Kf1 Qh5 26.d6 e5 27.Be4 f5 28.Bd5+ Kh8 29.Qb3 e4
30.Bc6 a5 31.Bc3 Qh3+ 32.Ke2 Qxf3+ 33.Kf1 Qh3+ 34.Ke2 Qh5+ 35.Kf1 Re6 36.Bxd7 Nxd7
37.c5 Rg6 38.Bd4 bxc5 39.Bxc5 Nxc5 40.d7 Nxb3 41.d8=Q+ Kh7  0-1

[Event "XVIII Open"]
[Site "Andorra AND"]
[Date "2000.06.29"]
[Round "6"]
[White "Mellado Trivino,J"]
[Black "Mateo,Ra"]
[Result "1/2-1/2"]
[WhiteElo "2493"]
[BlackElo "2408"]

1.e4 c5 2.c3 Nf6 3.e5 Nd5 4.d4 cxd4 5.Nf3 e6 6.cxd4 Na6 7.a3 Be7 8.Bd3 Nac7
9.O-O b6 10.Qe2 Bb7 11.Rd1 f5 12.exf6 Nxf6 13.Nc3 O-O 14.Ne5 Qe8 15.Bg5 Ncd5
16.Bxf6 Bxf6 17.Nxd5 Bxd5  1/2-1/2

[Event "XVIII Open"]
[Site "Andorra AND"]
[Date "2000.07.02"]
[Round "9"]
[White "Perez,Lu"]
[Black "Jansa,V"]
[Result "1-0"]
[WhiteElo "2459"]
[BlackElo "2458"]

1.e4 c5 2.c3 Nf6 3.e5 Nd5 4.d4 cxd4 5.Nf3 e6 6.cxd4 b6 7.Bd3 Ba6 8.O-O Be7
9.Nc3 Nxc3 10.bxc3 Bxd3 11.Qxd3 O-O 12.d5 exd5 13.Rd1 Nc6 14.Qf5 Bc5 15.Ng5 g6
16.Qh3 h5 17.Rxd5 Qe7 18.Bf4 d6 19.exd6 Qf6 20.Qf3 Rae8 21.Rad1 Nd8 22.Ne4 Rxe4
23.Qxe4 Ne6 24.Be3 Qxc3 25.Bxc5 Nxc5 26.Qe7 Ne6 27.Qxa7 Qc6 28.d7 Kg7 29.Rd6 Qe4
30.Qxb6 Nf4 31.Qc6  1-0

[Event "FSIMA July"]
[Site "Budapest HUN"]
[Date "2000.07.02"]
[Round "2"]
[White "Erenburg,S"]
[Black "Mont Reynaud,J"]
[Result "1-0"]
[WhiteElo "2325"]
[BlackElo "2282"]

1.e4 c5 2.c3 Nf6 3.e5 Nd5 4.d4 cxd4 5.Nf3 e6 6.cxd4 b6 7.Nc3 Nxc3 8.bxc3 Qc7
9.Bd2 Bb7 10.Bd3 d6 11.O-O Nd7 12.Ng5 g6 13.f4 Be7 14.f5 gxf5 15.Nxf7 Qc6
16.Rf2 Rg8 17.Qh5 Rxg2+ 18.Kf1 Rg6 19.Nh8 Nf8 20.Re1 dxe5 21.Rxe5 O-O-O 22.Nxg6 hxg6
23.Qh6 Nd7 24.Re1 Nf6 25.Qxg6 Rg8 26.Qf7 Rg1+ 27.Ke2 Rg2 28.Kd1 Rxf2 29.Qxe7 Qa4+
30.Bc2 Qxa2 31.Qxe6+ Qxe6 32.Rxe6 Ng4 33.h4 Kd7 34.Rg6 Ke8 35.h5 Bd5 36.Rg7 a5
37.h6 Kf8 38.Ra7 Rh2 39.h7 Bf3+ 40.Kc1 Nf6  1-0